Responses for Show #4525 - Friday, April 16, 2004

Contestants

[<< previous game]

Ed Kim, an attorney from Huntington Beach, California

Geoff Strain, an electronics broker from Imperial Beach, California

Stan Brown, a high school history teacher from Macon, Georgia (whose 2-day cash winnings total $40,600)

[next game >>]

Jeopardy! Round responses

20th CENTURY AMERICA
"B" PREPARED
WHAT THEY WORE
KIDDY LIT
ARE YOU READY FOR SOME FOOTBALL?
QUARTER BACKS
(Alex: We want you to identify the state whose quarter we describe for you.)
    $200 1
Woodstock

Stan
    $200 25
Beijing

Ed
    $200 15
Britney Spears

Ed
    $200 11
wolf

Stan
    $200 4
the Fiesta Bowl

Ed
    $200 17
North Carolina

Stan
    $400 2
the 18th Amendment (Prohibition)

Stan
    $400 26
(Geoff: What is the Oakland Bay Bridge - the Bay Bridge?)
(Ed: What is the Bay Bridge?)

the Berlin Wall

GeoffEd
Triple Stumper
    $400 22
Jackie Kennedy

Ed
    $400 12
Henry Winkler

Ed
    $400 5
Jerry Rice

Geoff
    $400 18
New York

Stan
    $600 3
bottles

Geoff
    $600 27
(Alex: Double "B" there!)

the Big Bang Theory

Stan
    $600 23
Serena Williams

Ed
    $600 13
the Winnie the Pooh stories

Stan
    $600 6
special teams

Geoff
    $600 19
Indiana

Geoff
    $800 9
the New York World's Fair

Stan
    $800 28
Beethoven

Stan
    $800 24
(Ed: Who is Halle Berry?)

Nicole Kidman

GeoffEd
    $800 14
Madonna

Geoff
    $800 7
Arrowhead Stadium

Geoff
    $800 20
Mississippi

Stan
    $1000 10
Positive Thinking

Stan
    $1000 29
Bethlehem

Ed
    $1,700 30
(Ed: What is...what is, uh, Luxembourg?)
(Alex: He competed in the luge; you wouldn't expect somebody from Bermuda to be competing in that event!)

Bermuda

Ed
    $1000 16
Harriet the Spy

Stan
    $1000 8
Arena Football League

Stan
    $1000 21
Louisiana

Stan

Scores at the first commercial break (after clue 15):

Stan Geoff Ed
$4,200 $3,200 $800

Scores at the end of the Jeopardy! Round:

Stan Geoff Ed
$9,000 $4,200 $100

Double Jeopardy! Round responses

PAINTING OF THE CENTURY
POTENT PEOPLE
WHAT "A" COUNTRY
CARRY ON
REPTILES & AMPHIBIANS
____ OF ____
    $400 1
the 20th century

Geoff
    $400 14
"Bloody Mary"

Stan
    $400 2
Argentina

Stan
    $400 5
on the head

Geoff
    $400 6
pouch

Geoff
    $400 26
cedar of Lebanon

Stan
    $800 16
the 17th

Stan
    $800 15
(Geoff: What is Trish?)

Brandy

Geoff
Triple Stumper
    $800 3
Australia

Stan
    $800 7
(Geoff: What are firearms?)
(Alex: Be more specific.)
(Geoff: What are handguns?)
(Alex: Be more specific.)
(Geoff: What are semi-automatic handguns?)
(Alex: No.)

concealed weapons

StanGeoff
    $800 10
cobra

Geoff
    $800 27
(Geoff: What is the Age of Reasoning?)

Age of Reason

Geoff
Triple Stumper
    $1200 17
(Stan: What is the 17th?)

the 16th

StanEd
    $3,000 20
(Ed: What is Martini?)
(Alex: The star of "Gilda" was Rita Hayworth & her original name was Margarita Cansino.)

Margarita

Ed
    $1200 4
Austria

Geoff
    $1200 23
briefcases

Stan
    $1200 11
garlic

Ed
    $1200 28
"View of Toledo"

Ed
    $1600 18
the 17th

Ed
    $1600 21
Gibson

Ed
    $1600 8
Algeria

Stan
    $1600 24
portaging

Stan
    $1600 12
lizard

Geoff
    $6,000 29
(Ed: What is an Achilles' heel?)

feet of clay

Ed
    $2000 19
the 19th century

Ed
    $2000 22
(Alex: Now's the time for the martini!)

Martini

Ed
    $2000 9
Angola

Geoff
    $2000 25
(Alex: With a minute to go now.)

"The Football"

Stan
    $2000 13
salamander

Geoff
    $2000 30
the Book of Kells

Ed

Scores at the end of the Double Jeopardy! Round:

Stan Geoff Ed
$17,800 $10,600 $3,900

[wagering suggestions for these scores]

Final Jeopardy! Round responses

AMERICAN ENTERTAINERS
(Alex: This American entertainer was late for her concert; wasn't feeling well, came on stage & sang a couple of songs in a shaky voice; audience kind of turned against her & so she walked offstage.)
EdWho is Maria Callas
$3,899
GeoffWho was Judy Garland?
$10,555
StanWho is Streisand
$3,401
Judy Garland

Final scores:

Stan Geoff Ed
$14,399 $21,155 $1
2nd place: $2,000 New champion: $21,155 3rd place: $1,000

Game dynamics:

Coryat scores:

Stan Geoff Ed
$17,800 $10,600 $14,600
24 R,
1 W
15 R,
4 W
15 R,
5 W
(including 3 DDs)

Combined Coryat: $43,000

[game clues] [game scores] [suggest correction]

Game tape date: 2004-01-28
The J! Archive is created by fans, for fans. Scraping, republication, monetization, and malicious use prohibited; this site may use cookies and collect identifying information. See terms. The Jeopardy! game show and all elements thereof, including but not limited to copyright and trademark thereto, are the property of Jeopardy Productions, Inc. and are protected under law. This website is not affiliated with, sponsored by, or operated by Jeopardy Productions, Inc. Join the discussion at JBoard.tv.